| 000 | 01066aam a2200337 i 4500 | ||
|---|---|---|---|
| 999 |
_c46115 _d46115 |
||
| 001 | 768714001 | ||
| 003 | CO-MdFUSB | ||
| 005 | 20201028121312.0 | ||
| 007 | ta | ||
| 008 | 200518t1917 enka|||| |||| 00| 0 eng d | ||
| 020 | _a[No incluye ISBN] | ||
| 040 |
_bspa. _aCO-MdFUSB _cCO-MdFUSB _dCO-MdFUSBC _erda |
||
| 041 | _aeng | ||
| 082 |
_223 _a340.58 _bJ658 |
||
| 100 | 1 |
_aJohns, C. H. W. _eautor |
|
| 245 | 1 | 4 |
_aThe relations between the laws of Babylonia and the laws of the Hebrew peoples _c/ C H. W. Johns |
| 250 | _aSegunda edición | ||
| 264 | 1 |
_aLondres : _bOxford University Press, _c[1917] |
|
| 264 | 4 | _c© 1917 | |
| 300 |
_axv, 102 páginas _c; 23 cm |
||
| 336 |
_atexto _btxt _2rdacontent |
||
| 337 |
_2rdamedia _asin mediación _bn |
||
| 338 |
_2rdacarrier _avolumen _bnc |
||
| 490 | _aSchweich lectures, | ||
| 505 | _aConferencias sobre las relaciones entre las leyes de Babilonia y las leyes del pueblo de los hebreos | ||
| 563 | _aPasta dura | ||
| 650 | 0 |
_9692 _aLey judía |
|
| 942 | _cBK | ||
| 945 | _aJTF-925 | ||